000 03848namaa22004211i 4500
003 EG-GICUC
005 20260430194517.0
008 260430s2025 ua a|||frm||| 000 0 eng d
040 _aEG-GICUC
_beng
_cEG-GICUC
_dEG-GICUC
_erda
041 0 _aspa
_bspa
_bara
049 _aDeposit
082 0 4 _a421.1
092 _a421.1
_221
097 _aM.A
099 _aCai01.02.16.M.A.2025.Sh.D
100 0 _aShaimaa Nader Adam El Noby,
_epreparation.
245 1 0 _aLa diáspora en la novela Fadúa: La impetuosa doncella de Homs de Edith Chahín Curi :
_bEstudio analítico /
_cby Shaimaa Nader Adam El Noby ; Supervions Cat.a. Rasha Mohammed Abboudy
246 1 5 _aالشتات في رواية فدوى: فتاة حمص المتهورة للكاتبة إديث شاهين كوري :
_bدراسة نقدية
264 0 _c2025.
300 _a119 pages :
_billustrations ;
_c25 cm. +
_eCD.
336 _atext
_2rda content
337 _aUnmediated
_2rdamedia
338 _avolume
_2rdacarrier
502 _aThesis (M.A)-Cairo University, 2025.
504 _aBibliography: pages 104-107.
520 3 _aEl presente estudio tiene como objetivo analizar el fenómeno de la diáspora en la novela: Fadúa: La impetuosa doncella de Homs (2004) de la escritora chilena de origen sirio Edith Chahín Curi. Esta novela histórica revela la vida de los sirios durante el período de los otomanos, la experiencia del ser diaspórico, y los desafíos psicológicos y emocionales que enfrentan los emigrantes durante el proceso de desplazamiento y, posteriormente, de adaptación en el país de acogida. La autora describe la sensación de la diáspora de las familias desarraigadas y sus experiencias en relación con las circunstancias históricas y sociales de los emigrantes sirios a Latinoamérica entre los siglos XIX y XX. Haremos un análisis riguroso del fenómeno de la diáspora en relación con los elementos narrativos principales como el espacio, el tiempo y los personajes, empleando las diferentes teorías de los estudios culturales.
520 3 _aتهدف هذه الدراسة إلى تحليل ظاهرة الشتات في رواية "فدوى: الفتاة المتهورة من حمص" (2004) للكاتبة التشيلية من أصل سوري، إديث شاهين كوري. تكشف هذه الرواية التاريخية عن حياة السوريين خلال العصر العثماني، وتجربة الشتات، والتحديات النفسية والعاطفية التي يواجهها المهاجرون خلال عملية النزوح، ثم التكيف في البلد المضيف. تصف الكاتبة شعور الشتات لدى العائلات المهجرة وتجاربها في ضوء الظروف التاريخية والاجتماعية للمهاجرين السوريين إلى أمريكا اللاتينية بين القرنين التاسع عشر والعشرين. سنجري تحليلاً دقيقاً لظاهرة الشتات في ضوء العناصر السردية الرئيسية كالمكان والزمان والشخصيات، مستخدمين نظريات متنوعة من الدراسات الثقافية.
530 _aIssues also as CD.
546 _aText in English and abstract in Arabic & English.
650 0 _aSpanish language and literature
650 0 _aاللغة الإسبانية وآدابها
653 1 _adiáspora
_adesplazamiento
_aFadúa
_aLa impetuosa doncella de Homs
_aEdith Chahín Curi
_aالشتات
_aالنزوح
700 0 _aRasha Mohammed Abboudy
_ethesis advisor.
900 _b01-01-2025
_cRasha Mohammed Abboudy
_UCairo University
_FFaculty of Arts
_DDepartment of Spanish language and literature
905 _aShimaa
942 _2ddc
_cTH
_e21
_n0
999 _c179874